000 00672nam a22002297a 4500
003 UA-OsUOA
001 55079
007 ta
008 20080808b un ||||| |||| 00| 0 ukr d
100 _aКапинус Н.
090 _a343.1
_bК20
942 _cBK
040 _aUA-OsUOA
_brus
_cUA-OsUOA
_dUA-OsUOA
245 _aПроцессуальные гарантии прав личности про применении мер пресечения в уголовном процессе
_bМонография
300 _a416 с.
955 _a1
041 _arus
080 _a343.1
260 _aМ.
_bБуквовед
_c2007
650 7 _2UDC
999 _c341158
_d341158